• 首页
  • 本馆介绍
  • 公告通知
  • 最新文献
  • 馆藏检索
  • 电子资源
  • 读者导购
  • 参考咨询
  • 我的图书馆
  • 登录
  • 详细信息显示
  • 放入我的书架
  • 预约/预借图书
  • 作者相关作品
  • 分类相关作品
  • 丛书相关作品
  • 出版社相关作品

书目信息

  • 表格格式
  • 工作单格式
  • 卡片格式
题名:
斯大林反对托洛茨基主义和布哈林主义的斗争
    
 
作者: 郑言实 编
分册:  
出版信息: 北京   人民出版社  1978.8
页数: 149页
开本: 19cm
丛书名:
单 册:
中图分类: D071
科图分类:
主题词: 政治--派别 , 政治--思潮
电子资源:
ISBN:
000 00609nam0 2200205 45
001 0309290884
005 20060727091153.92
010    @dCNY0.31
091    @a3001.965
100    @a20030929d1978 km y0chiy0120 ea
101 0  @achi
200 1  @a斯大林反对托洛茨基主义和布哈林主义的斗争@ASi Da Lin Fan Dui Tuo Luo Ci Ji Zhu Yi He Bu Ha Lin Zhu Yi De Dou Zheng@f郑言实编@FZheng Yan Shi Bian
210    @a北京@c人民出版社@d1978.8
215    @a149页@d19cm
606 0  @a政治@x派别
606 0  @a政治@x思潮
690    @aD071@v3
701  0 @a郑言实@4编
801    @aCN@bTSTC@c20060727
905    @f3@b1040-042@dD071@e7-2
    
    斯大林反对托洛茨基主义和布哈林主义的斗争/郑言实编.-北京:人民出版社,1978.8
    149页;19cm
    
    
    ISBN :CNY0.31
    
●
相关链接 在E读中查询图书 在五车中查询图书 在当当中查询图书 在豆瓣中查询图书


正题名:斯大林反对托洛茨基主义和布哈林主义的斗争     索取号:D071/7-2         预约/预借

序号 登录号 条形码 馆藏地/架位号 状态 备注
1 0001040   001709459   密集书库/ [索取号:D071/7-2] 在馆    
2 0001041   001709413   密集书库/ [索取号:D071/7-2] 在馆    
3 0001042   001709379   第一样本阅览室/ [索取号:D071/7-2] 在馆    
4 0426033   204260334   密集书库/ [索取号:D071/7-2] 在馆    
5 0439887   204398874   密集书库/ [索取号:D071/7-2] 在馆    
唐山师范学院图书馆 欢迎您!
大连网信软件有限公司© 版权所有